[Event "Leutersdorf Sparkasse op 15th"]
[Site "Leutersdorf"]
[Date "2011.02.20"]
[Round "7"]
[White "Bauer, Veit"]
[Black "Nestler, Wolfram"]
[Result "1/2-1/2"]
[WhiteElo "1851"]
[BlackElo "1335"]
[PlyCount "91"]
[EventDate "2011.02.18"]
[EventType "swiss"]
[EventRounds "7"]
[EventCountry "GER"]
[SourceTitle "CBM 141 Extra"]
[Source "ChessBase"]
[SourceDate "2011.05.03"]
[SourceVersion "1"]
[SourceVersionDate "2011.05.03"]
[SourceQuality "1"]

1. e4 e5 2. Nf3 d6 3. Bc4 Nc6 4. Nc3 Be7 5. a3 Nf6 6. d3 Bg4 7. h3 Bxf3 8. Qxf3 0-0 9. Be3 a6 10. 0-0 Nd4 11. Qd1 c5 12. Nd5 Ne6 13. b4 Nxd5 14. Bxd5 Rb8 15. bxc5 Nxc5 16. f4 exf4 17. Bxf4 Bf6 18. d4 Ne6 19. Be3 Bg5 20. Qd2 Bxe3+ 21. Qxe3 Nc7 22. Bb3 b5 23. Rf2 d5 24. Raf1 f6 25. exd5 Qd6 26. Qf4 Rbd8 27. Qxd6 Rxd6 28. Re2 Re8 29. Rxe8+ Nxe8 30. Re1 Nc7 31. Re7 Nxd5 32. Re6 Rxe6 33. Bxd5 Kf7 34. Kf2 Ke7 35. Bxe6 Kxe6 36. Ke3 Kd5 37. Kd3 a5 38. c3 g5 39. g4 h6 40. Kd2 Ke4 41. Ke2 f5 42. gxf5 Kxf5 43. Kf3 h5 44. Kg3 Ke4 45. Kg2 Kd5 46. Kf3 1/2-1/2

[Event "Leutersdorf Sparkasse op 15th"]
[Site "Leutersdorf"]
[Date "2011.02.19"]
[Round "2"]
[White "Lansky, Henry"]
[Black "Bauer, Veit"]
[Result "1-0"]
[WhiteElo "1369"]
[BlackElo "1851"]
[PlyCount "98"]
[EventDate "2011.02.18"]
[EventType "swiss"]
[EventRounds "7"]
[EventCountry "GER"]
[SourceTitle "CBM 141 Extra"]
[Source "ChessBase"]
[SourceDate "2011.05.03"]
[SourceVersion "1"]
[SourceVersionDate "2011.05.03"]
[SourceQuality "1"]

1. e4 e6 2. Nf3 d5 3. exd5 exd5 4. d4 Bd6 5. Nc3 Nf6 6. h3 0-0 7. Be2 c6 8. 0-0 Be6 9. Bd3 Nbd7 10. Bg5 h6 11. Bh4 Qc7 12. Qd2 Bf4 13. Qe1 Rae8 14. Ne2 Bd6 15. Qc1 Ne4 16. Nd2 f5 17. f4 c5 18. c4 Nxd2 19. Qxd2 dxc4 20. Bc2 cxd4 21. Nxd4 Be5 22. Kh1 Bxd4 23. Qxd4 b5 24. Rad1 a5 25. Rfe1 Nf6 26. Re5 Rd8 27. Qe3 Rxd1+ 28. Bxd1 Nd5 29. Qd4 Qd7 30. Bf3 Nb4 31. Qe3 Re8 32. Bh5 Nd5 33. Rxd5 Bxd5 34. Bxe8 Qb7 35. Qg3 b4 36. Bf6 c3 37. bxc3 Bxa2 38. cxb4 axb4 39. Bb2 Bd5 40. Qg6 Qe7 41. Bb5 b3 42. Qe8+ Qxe8 43. Bxe8 Kf8 44. Bg6 Be4 45. Kg1 Ke7 46. g4 Kd6 47. gxf5 Kc5 48. Bxg7 Kb4 49. Bb2 Kc4 1-0

[Event "Leutersdorf Sparkasse op 11th"]
[Site "Leutersdorf"]
[Date "2007.02.18"]
[Round "7"]
[White "Fuchs, Oliver"]
[Black "Bauer, Veit"]
[Result "1-0"]
[WhiteElo "2010"]
[BlackElo "1647"]
[PlyCount "41"]
[EventDate "2007.02.16"]
[EventType "swiss"]
[EventRounds "7"]
[EventCountry "GER"]
[SourceTitle "CBM 117 Extra"]
[Source "ChessBase"]
[SourceDate "2007.05.09"]
[SourceVersion "1"]
[SourceVersionDate "2007.05.09"]
[SourceQuality "1"]

1. d4 d5 2. c4 e6 3. cxd5 exd5 4. Nc3 Nf6 5. Bg5 Be7 6. Nf3 c6 7. e3 Bf5 8. Bd3 Bxd3 9. Qxd3 Nbd7 10. Rb1 0-0 11. 0-0 h6 12. Bxf6 Bxf6 13. b4 a6 14. a4 Qc7 15. Rfc1 Nb6 16. a5 Nd7 17. Nxd5 Qd6 18. Nxf6+ Nxf6 19. e4 Qf4 20. Re1 Rfe8 21. e5 1-0